<?xml version="1.0" encoding="UTF-8"?>
<record
    xmlns:xsi="http://www.w3.org/2001/XMLSchema-instance"
    xsi:schemaLocation="http://www.loc.gov/MARC21/slim http://www.loc.gov/standards/marcxml/schema/MARC21slim.xsd"
    xmlns="http://www.loc.gov/MARC21/slim">

  <leader>00690nam a22002177a 4500</leader>
  <datafield tag="999" ind1=" " ind2=" ">
    <subfield code="c">63659</subfield>
    <subfield code="d">63659</subfield>
  </datafield>
  <controlfield tag="005">20240530110652.0</controlfield>
  <controlfield tag="008">171216s2016    ua     g      000 f ara d</controlfield>
  <datafield tag="017" ind1=" " ind2=" ">
    <subfield code="a">2016/2480</subfield>
    <subfield code="b">&#x645;&#x635;&#x631;. &#x62F;&#x627;&#x631; &#x627;&#x644;&#x643;&#x62A;&#x628;</subfield>
  </datafield>
  <datafield tag="020" ind1=" " ind2=" ">
    <subfield code="a">9789777950442</subfield>
  </datafield>
  <datafield tag="040" ind1=" " ind2=" ">
    <subfield code="a">EG-CaGPL</subfield>
    <subfield code="c">EG-CaGPL</subfield>
  </datafield>
  <datafield tag="082" ind1="0" ind2="4">
    <subfield code="2">21</subfield>
    <subfield code="a">813.03\</subfield>
    <subfield code="b">&#x645; &#x641;</subfield>
  </datafield>
  <datafield tag="100" ind1="0" ind2=" ">
    <subfield code="a">&#x645;&#x643;&#x627;&#x648;&#x649; &#x633;&#x639;&#x64A;&#x62F; </subfield>
  </datafield>
  <datafield tag="245" ind1="1" ind2="0">
    <subfield code="a">&#x641;&#x626;&#x631;&#x627;&#x646; &#x627;&#x644;&#x633;&#x641;&#x64A;&#x646;&#x629; /</subfield>
    <subfield code="c">&#x645;&#x643;&#x627;&#x648;&#x649; &#x633;&#x639;&#x64A;&#x62F; .</subfield>
  </datafield>
  <datafield tag="250" ind1=" " ind2=" ">
    <subfield code="a">&#x637;.1</subfield>
  </datafield>
  <datafield tag="260" ind1=" " ind2=" ">
    <subfield code="a">&#x627;&#x644;&#x642;&#x627;&#x647;&#x631;&#x629;:</subfield>
    <subfield code="b">&#x627;&#x644;&#x62F;&#x627;&#x631; &#x627;&#x644;&#x645;&#x635;&#x631;&#x64A;&#x629; &#x627;&#x644;&#x644;&#x628;&#x646;&#x627;&#x646;&#x64A;&#x629; .</subfield>
    <subfield code="c">2016.</subfield>
  </datafield>
  <datafield tag="300" ind1=" " ind2=" ">
    <subfield code="a">231 &#x635;. &#x61B;</subfield>
    <subfield code="c">20 &#x633;&#x645;.</subfield>
  </datafield>
  <datafield tag="650" ind1="0" ind2="7">
    <subfield code="2">qrmak</subfield>
    <subfield code="a">&#x627;&#x644;&#x642;&#x635;&#x635; &#x627;&#x644;&#x639;&#x631;&#x628;&#x64A;&#x629; </subfield>
  </datafield>
  <datafield tag="651" ind1=" " ind2=" ">
    <subfield code="2">qrmak</subfield>
  </datafield>
  <datafield tag="942" ind1=" " ind2=" ">
    <subfield code="2">ddc</subfield>
    <subfield code="c">BK</subfield>
  </datafield>
  <datafield tag="952" ind1=" " ind2=" ">
    <subfield code="0">0</subfield>
    <subfield code="1">0</subfield>
    <subfield code="4">0</subfield>
    <subfield code="7">0</subfield>
    <subfield code="a">CAI</subfield>
    <subfield code="b">CAI</subfield>
    <subfield code="c">MAIN-LIBRARY</subfield>
    <subfield code="d">2017-12-16</subfield>
    <subfield code="l">0</subfield>
    <subfield code="o">813.03\ &#x645; &#x641;</subfield>
    <subfield code="p">163765</subfield>
    <subfield code="r">2017-12-16 00:00:00</subfield>
    <subfield code="w">2017-12-16</subfield>
    <subfield code="y">BK</subfield>
  </datafield>
</record>
